Statistiques concernant Drapeaux d'Asie..

Cliquez ici pour prendre le quiz!

Statistiques générales

  • Ce quiz a été pris 207 fois
  • Le résultat moyen est 42 sur 48

Statistiques - réponses

Réponse% Correct
Chine
99%
Corée du Sud
99%
Japon
98%
Viêt Nam
98%
Chypre
97%
Inde
97%
Israël
97%
Népal
96%
Arabie Saoudite
94%
Bangladesh
94%
Iran
94%
Liban
94%
Géorgie
92%
Qatar
92%
Turquie
92%
Corée du Nord
91%
Irak
91%
Emirats Arabes Unis
89%
Indonésie
89%
Laos
89%
Pakistan
89%
Singapour
89%
Cambodge
88%
Sri Lanka
88%
Thailande
88%
Afghanistan
87%
Bhoutan
87%
Kazakhstan
87%
Syrie
87%
Turkménistan
87%
Arménie
86%
Malaisie
86%
Ouzbékistan
86%
Yémen
85%
Mongolie
84%
Philippines
83%
Azerbaidjan
82%
Jordanie
81%
Tadjikistan
81%
Birmanie
80%
Kirghizistan
80%
Oman
78%
Taïwan
77%
Bahrein
75%
Brunei
75%
Koweït
74%
Timor Oriental
71%
Maldives
70%

Distribution des résultats

Percentile par nombre de réponses

% des personnes avec chaque résultat

Votre développement - résultats

Vous n’avez pas pris ce quiz